00413 2200169 4500001002100000005001500021035002000036245004700056100002000103250001600123300002600139260003000165082000800195084001400203020001800217990000800235INLIS00000000000032920230807012910 a0010-08230000041 aHukum Tata Pemerintahan /cAminuddin Ilmar0 aAminuddin Ilmar aEd.1, Cet.2 a322 hlm ;c15 x 23 cm aJakarta :bKencana,c2016 a342 a342 AMI h a9786027985933 a588